000 00890nam a22002897a 4500
001 BR2014006719
003 BR-BrBNA
005 20230928104520.0
007 ta
008 230509b bl.||||| |||| 00| 0 por d
040 _aBR-BrBNA
_bpor
_cBiblioteca Nacional de Agricultura
041 _a(Por)
072 _aK10; P33
_b3240
090 _ 3240 BR2014006719
100 1 _aAndrade, M.L. de C.
110 1 _aUniversidade Federal de Lavras, MG (Brasil)
_0Tese (Mestrado)
245 1 _aEfeito do maquinário de colheita flrestal na compactação do solo
260 3 _aLavras, MG (Brasil):
_c2014.
300 _a89 p.
500 _aSummaries (Eng, Por); Several bibliography; 15 tables;17 illus.
650 _aEUCALIPTO
650 _aCOLHEITA MECÂNICA
650 _aCOMPACTAÇÃO DO SOLO
650 _aMODELO MATEMÁTICO
909 _a202309
_bLucia
_c55
_dLucia Elande
942 _cBK
999 _c80344
_d80344